| 000 | 01930nam0a2200337 4500 | ||
|---|---|---|---|
| 001 | RU\NLR\bibl\1333339 | ||
| 005 | 20241119204718.0 | ||
| 020 |
_aRU _b80-17453 _9Летопись авторефератов диссертаций |
||
| 021 |
_aRU _b2008-12499а _9500а |
||
| 035 | _a(NLR Aleph) 001318557 | ||
| 090 |
_a725015 _c725015 |
||
| 100 | _a20081118d2008 u u0rusy50 ca | ||
| 101 | 0 | _arus | |
| 102 | _aRU | ||
| 105 | _ay dm ||||| | ||
| 200 | 1 |
_aКоммуникативно-прагматические особенности речевого этикета в различных лингвокультурах _e(на материале карачаево-балкаркого, русского и английского языков) _eавтореф. дис. на соиск. учен. степ. канд. филол. наук _eспециальность 10.02.20 <Сравнит.-ист., типол. и сопоставит. языкознание> _fЧаушев Ахмат Сапарбиевич _g[Волгогр. гос. пед. ун-т] |
|
| 210 |
_aВолгоград _d2008 |
||
| 215 |
_a19 с. _d21 |
||
| 320 | _aБиблиогр.: с. 19 (5 назв.) | ||
| 675 |
_a80/81 _v3 _zrus |
||
| 686 |
_a16.41 _2rugasnti |
||
| 686 |
_a81 _2rubbk |
||
| 686 |
_a10.02.20 _2oksvnk |
||
| 700 | 1 |
_aЧаушев _bА. С. _gАхмат Сапарбиевич _4070 |
|
| 801 | 0 |
_aRU _bRKP _c20081118 _gPSBO |
|
| 801 | 1 |
_aRU _bRKP _c20081118 |
|
| 801 | 2 |
_aRU _bNLR _c20090226 _grcr |
|
| 901 | _eАвторефераты | ||
| 942 | _cBOOK | ||
| 981 | 1 | 0 |
_a(10) Авторефераты _b(10) 10.00.00 Филологические науки _b10.02.00 Языкознание _b10.02.20 Сравнительно-историческое, типологическое и сопоставительное языкознание |